000 00590nam a2200193Ia 4500
005 20260114185611.0
008 008 260114s9999 xx 000 0 eng d
020 _a9781788316040
037 _aEBOOK
040 _aCRL
_beng
_cCRL
041 _aeng
_2eng
084 _qCRL
100 _aIsabelle Richet
_9872073
245 0 _aWomen, Antifascism and Mussolini?s Italy The Life of Marion Cave Rosselli
260 _bBloomsbury
_c2018
856 _uhttps://doi.org/10.5040/9781788316040?locatt=label:secondary_bloomsburyCollections
942 _cEBOOK
999 _c1471021
_d1471021